000
00249nam a2200109 a 4500
008
110426s1977|||| d
245
1
0
_a
Ruština pre dospelých
260
_c
1977
_a
Bratislava
_b
SPN
020
_c
30
044
_a
xo
_c
SK
041
_a
slo
999
_c
19166
_d
19166